Znajdź zagadkowe państwo po kolorach - Statystyki

Ogólne statystyki
  • Ten quiz został rozwiązany 173 499 razy
  • Średni wynik to 50 z 196
Odpowiedzi na mapie
Odpowiedzi zakodowano w zielono-czerwonej skali na mapie do tego quizu, zgodnie z poniższymi procentami.
 
Statystyki odpowiedzi
Państwo % Poprawnych
Polska
93%
Niemcy
71%
Rosja
68%
Francja
62%
Stany Zjednoczone
54%
Czechy
49%
Austria
46%
Włochy
46%
Hiszpania
45%
Chiny
41%
Dania
41%
Kanada
40%
Słowacja
40%
Ukraina
40%
Szwajcaria
39%
Belgia
37%
Brazylia
37%
Holandia
37%
Szwecja
37%
Węgry
37%
Norwegia
36%
Wielka Brytania
34%
Grecja
33%
Meksyk
33%
Chorwacja
32%
Australia
31%
Litwa
31%
Portugalia
31%
Argentyna
30%
Białoruś
30%
Finlandia
30%
Japonia
30%
Egipt
29%
Rumunia
29%
Estonia
28%
Indie
28%
Islandia
28%
Łotwa
28%
Luksemburg
28%
Serbia
28%
Turcja
28%
Albania
27%
Chile
27%
Liechtenstein
27%
Republika Południowej Afryki
27%
Watykan
27%
Bośnia i Hercegowina
26%
Irlandia
26%
Malta
26%
Peru
26%
Bułgaria
25%
Kazachstan
25%
Kolumbia
25%
Kosowo
25%
Maroko
25%
Monako
25%
Mongolia
25%
Niger
25%
San Marino
25%
Algieria
24%
Andora
24%
Boliwia
24%
Czarnogóra
24%
Demokratyczna Republika Konga
24%
Indonezja
24%
Kuba
24%
Nowa Zelandia
24%
Panama
24%
Urugwaj
24%
Cypr
23%
Czad
23%
Ekwador
23%
Irak
23%
Iran
23%
Kongo
23%
Korea Północna
23%
Korea Południowa
23%
Libia
23%
Macedonia Północna
23%
Mołdawia
23%
Nigeria
23%
Paragwaj
23%
Tunezja
23%
Wenezuela
23%
Afganistan
22%
Angola
22%
Arabia Saudyjska
22%
Armenia
22%
Dominika
22%
Fidżi
22%
Filipiny
22%
Gruzja
22%
Gwatemala
22%
Haiti
22%
Honduras
22%
Izrael
22%
Jamajka
22%
Kenia
22%
Kostaryka
22%
Madagaskar
22%
Nikaragua
22%
Oman
22%
Pakistan
22%
Sudan
22%
Tajlandia
22%
Wietnam
22%
Antigua i Barbuda
21%
Azerbejdżan
21%
Bahamy
21%
Bangladesz
21%
Barbados
21%
Belize
21%
Bhutan
21%
Botswana
21%
Dominikana
21%
Eswatini
21%
Etiopia
21%
Ghana
21%
Gujana
21%
Gwinea
21%
Jemen
21%
Jordania
21%
Kambodża
21%
Kamerun
21%
Katar
21%
Kirgistan
21%
Kiribati
21%
Kuwejt
21%
Laos
21%
Lesotho
21%
Liban
21%
Liberia
21%
Malediwy
21%
Malezja
21%
Mali
21%
Mauretania
21%
Mikronezja
21%
Mjanma
21%
Mozambik
21%
Namibia
21%
Nauru
21%
Nepal
21%
Palau
21%
Papua-Nowa Gwinea
21%
Republika Środkowoafrykańska
21%
Salwador
21%
Samoa
21%
Senegal
21%
Seszele
21%
Singapur
21%
Somalia
21%
Sri Lanka
21%
Surinam
21%
Syria
21%
Tadżykistan
21%
Tajwan
21%
Tanzania
21%
Togo
21%
Tonga
21%
Trynidad i Tobago
21%
Turkmenistan
21%
Tuvalu
21%
Uganda
21%
Uzbekistan
21%
Vanuatu
21%
Wybrzeże Kości Słoniowej
21%
Wyspy Marshalla
21%
Wyspy Salomona
21%
Zambia
21%
Zimbabwe
21%
Zjednoczone Emiraty Arabskie
21%
Bahrajn
20%
Benin
20%
Brunei
20%
Burkina Faso
20%
Burundi
20%
Dżibuti
20%
Erytrea
20%
Gabon
20%
Gambia
20%
Grenada
20%
Gwinea Bissau
20%
Gwinea Równikowa
20%
Komory
20%
Malawi
20%
Mauritius
20%
Republika Zielonego Przylądka
20%
Rwanda
20%
Saint Kitts i Nevis
20%
Saint Lucia
20%
Saint Vincent i Grenadyny
20%
Sierra Leone
20%
Słowenia
20%
Sudan Południowy
20%
Timor Wschodni
20%
Wyspy Świętego Tomasza i Książeca
20%
Nie znaleziono quizów pasujących do podanych kryteriów
Rozkład punktacji
Procent ludzi z każdym wynikiem
Percentyl według liczby udzielonych odpowiedzi
Twoja historia wyników
Nie rozwiązałeś tego quizu